000 01008nam a2200265Ia 4500
003 OSt
005 20221005103244.0
006 a|||||r|||| 00| 0
007 ta
008 221004b |||||||| |||| 00| 0 san d
020 _a9788189302429 (hbk)
_c295
024 _a10542
037 _b77, 22/03/2014, Motilal Banarsidass Publishers Pvt. Ltd.
_cTextual
040 _aCRL
_cCRL
_bsan
041 _2san
_asan
082 _aWx1,1, 152Q3
100 _aशास्त्री, सत्यव्रत, अनु.
245 0 _aचाणक्यनीति
246 _aChāṇakyanīti
260 _aकोलकाता
_bभारतीय विद्या मन्दिर भारत
_c2013
300 _a194पृ0
_ccm.
650 _aभारतीय राजनीति
942 _hWx1,1, 152Q3
_cTEXL
_2cc
999 _c1009709
_d1009709